000 00382nam a2200169Ia 4500
003 OSt
005 20240222115745.0
008 170619s9999 xx 000 0 und d
020 _a9780071077989
040 _cIIMT ENGINEERING COLLEGE
100 _aMcshane- S.T
245 0 _aOrganizational Behavior
260 _bTMH
260 _c2011
546 _aENGLISH
942 _2ddc
_c02
999 _c22863
_d22863